[Event "Anibal op 4th"]
[Site "Linares"]
[Date "1997.??.??"]
[Round "4"]
[White "Nogueiras, Jesus"]
[Black "Kovacevic, Slobodan"]
[Result "1/2-1/2"]
[WhiteElo "2545"]
[BlackElo "2420"]

1.Nf3 c5 2.c4 Nf6 3.Nc3 b6 4.e4 d6 5.d4 cxd4 6.Nxd4 Bb7 7.Qe2 e6 8.g3 a6
9.Bg2 Qc7 10.O-O Be7 11.Be3 O-O 12.Rac1 Nbd7 13.f4 Nc5 14.Bf2 Rac8 15.f5 e5
16.Nc2 Qb8 17.g4 h6 18.h4 Nh7 19.Nb4 Nd7 20.Nbd5 Bd8 21.Rc2 Bc6 22.Rfc1 Ndf6
23.Bf1 g5 24.h5 Nd7 25.b4 Bb7 26.Kg2 Nhf6 27.Kh3 Kg7 28.Qd3 Nxd5 29.Nxd5 Nf6
30.Be2 Re8 31.Bf3 Bc6 32.Nxf6 Kxf6 33.b5 Bb7 34.a4 a5 35.Rd1 Bc7 36.Be3 Rcd8
37.Bc1 Re7 38.Ba3 Red7 39.Rcd2 Qa8 40.Kg2 Qc8 41.Kf2 Kg7 42.Qb3 Bb8 43.Rd3 f6
44.R1d2 Qc7 45.Rc3 Qc8 46.Qc2 Ba8 47.Qd3 Qb7 48.Ke3 Qc7 49.Bd1  1/2-1/2

[Event "Anibal op 4th"]
[Site "Linares"]
[Date "1997.??.??"]
[Round "5"]
[White "Bagirov, Vladimir"]
[Black "Maherramzade, Javad"]
[Result "1/2-1/2"]
[WhiteElo "2505"]
[BlackElo "2430"]

1.Nf3 Nf6 2.c4 c5 3.Nc3 g6 4.d4 cxd4 5.Nxd4 Nc6 6.e4 d6 7.Be2 Bg7 8.Be3 O-O
9.O-O Bd7 10.Qd2 Ng4 11.Bxg4 Bxg4 12.f4 Bd7 13.Rac1 a6 14.f5 Qa5 15.Nb3 Qb4
16.Qe2 Bxc3 17.Rxc3 Ne5 18.a3 Qa4 19.Nd4 Rfc8 20.Rfc1 Qa5 21.b4 Qd8 22.h3 Qe8
23.Nf3 Rc7 24.Nxe5 dxe5 25.Qf3 Ba4 26.Bb6  1/2-1/2

[Event "Lippstadt"]
[Site "Lippstadt"]
[Date "1997.??.??"]
[Round "4"]
[White "Matthias, Heiner"]
[Black "Hansen, Sune Berg"]
[Result "0-1"]
[WhiteElo "2355"]
[BlackElo "2490"]

1.Nf3 Nf6 2.c4 c5 3.Nc3 e6 4.g3 b6 5.Bg2 Bb7 6.O-O Be7 7.Re1 d6 8.e4 a6 9.d4 cxd4
10.Nxd4 Qc7 11.Be3 Nbd7 12.Rc1 Rc8 13.b3 Qb8 14.f4 Qa8 15.Bf2 O-O 16.g4 Nc5
17.Qe2 g6 18.f5 exf5 19.gxf5 Rfe8 20.Qc2 Ng4 21.Rcd1 Bg5 22.fxg6 hxg6 23.Bh3 Nf6
24.Nd5 Rcd8 25.Bg2 Bxd5 26.exd5 Ng4 27.Nc6 Rxe1+ 28.Rxe1 Re8 29.Re2 Nxf2
30.Kxf2 Bh4+ 31.Kg1 Kh7 32.b4 Nd7 33.Re4 Bg5 34.Qe2 Rxe4 35.Qxe4 Qh8 36.h4 Qa1+
37.Kh2 f5 38.Qe2 Bf4+ 39.Kh3 Qg1  0-1

[Event "Ljubljana"]
[Site "Ljubljana"]
[Date "1997.??.??"]
[Round "9"]
[White "Bukic, Enver"]
[Black "Efimov, Igor"]
[Result "1-0"]
[WhiteElo "2435"]
[BlackElo "2530"]

1.Nf3 c5 2.c4 Nf6 3.Nc3 e6 4.g3 a6 5.Bg2 Nc6 6.O-O Be7 7.d4 cxd4 8.Nxd4 O-O
9.Nxc6 bxc6 10.Bf4 Ne8 11.Qa4 g5 12.Be3 Rb8 13.Qc2 f5 14.Rad1 Qc7 15.b3 d5
16.Na4 Rf7 17.cxd5 cxd5 18.Qxc7 Nxc7 19.Rc1 Ba3 20.Rc2 f4 21.Ba7 Rb5 22.Bb6 Rxb6
23.Nxb6 Bb7 24.Rd1 Kg7 25.Nc4 dxc4 26.Bxb7 c3 27.Rd3 Bb2 28.Be4 Kf6 29.Rdxc3 Bxc3
30.Rxc3 Ke5 31.Bf3 Nb5 32.Rc5+ Kf6 33.Rc4 Rd7 34.gxf4 g4 35.Be4 Rd1+ 36.Kg2 h5
37.h3 Nd6 38.Ra4 Nxe4 39.Rxe4 Rd2 40.hxg4 hxg4 41.a4 Kf5 42.Re5+ Kxf4 43.Rxe6 a5
44.e3+ Kf5 45.Ra6 Rd5 46.Rb6 Ke4 47.Rb5 Rd3 48.Rxa5 Rxb3 49.Rg5 Kd3 50.Rxg4 Ra3  1-0

[Event "Rheinhessen-ch H1 op"]
[Site "Mainz"]
[Date "1997.??.??"]
[Round "5"]
[White "Klein, Ulrike"]
[Black "Jaeck, Vincent"]
[Result "1-0"]
[WhiteElo "1755"]
[BlackElo "1810"]

1.c4 Nf6 2.Nc3 c5 3.Nf3 g6 4.g3 Bg7 5.Bg2 Nc6 6.O-O O-O 7.d3 h6 8.Rb1 e6
9.Bf4 d5 10.Ne5 g5 11.Nxc6 bxc6 12.Be5 Ng4 13.Bxg7 Kxg7 14.e4 Nf6 15.Qe2 Bb7
16.f4 Nd7 17.Rf2 d4 18.Na4 f6 19.Rbf1 Qe7 20.b3 e5 21.Kh1 Rf7 22.Qh5 Rg8
23.Bh3 Bc8 24.Bf5 Nb6 25.Qg6+ Kf8 26.Qxh6+ Ke8 27.Bg6 Rxg6 28.Qxg6 Bh3 29.Rg1 exf4
30.gxf4 g4 31.Nb2 Nd7 32.Nd1 Nf8 33.Qf5 Ne6 34.Rd2 Qd6 35.Nf2 Qxf4 36.Qxf4 Nxf4
37.Nxh3 gxh3 38.Rg4 Ng2 39.Rg3 Ne3 40.Rxh3 f5 41.Rf3 fxe4 42.Rxf7 Kxf7 43.dxe4 Ke6
44.h4 Ke5 45.Kg1 Kxe4 46.Kf2 d3 47.h5 Kd4 48.Kf3 Nf5 49.Kf4 Nd6 50.h6 Kc3
51.Rg2 d2 52.Rg1 Kc2 53.h7 Nf7 54.Kf5 d1=Q 55.Rxd1 Kxd1 56.Kf6 Nh8 57.Kg7 Kc2
58.Kxh8 Kb2 59.Kg8 Kxa2 60.h8=Q Kxb3 61.Qg7 a5 62.Qa7 a4 63.Qxc5 a3 64.Qxc6  1-0

[Event "Rheinhessen-ch H2 op"]
[Site "Mainz"]
[Date "1997.??.??"]
[Round "6"]
[White "Osswald, Marco"]
[Black "Luig, Benjamin"]
[Result "1/2-1/2"]
[WhiteElo "1417"]
[BlackElo "1473"]

1.Nf3 c5 2.c4 g6 3.Nc3 Nf6 4.g3 Bg7 5.Bg2 Nc6 6.O-O d6 7.d3 O-O 8.Bd2 Bd7
9.Rb1 Rb8 10.a3 a6 11.b4 cxb4 12.axb4 b5 13.cxb5 axb5 14.e3 Qc7 15.Ne2 Rfc8
16.Rc1 Qb6 17.Nfd4 e6 18.Nxc6 Bxc6 19.Rxc6 Rxc6 20.Bxc6 Qxc6 21.Nd4 Qb7 22.Qf3 d5
23.Rc1 Nd7 24.Nc6 Ne5 25.Nxe5 Bxe5 26.d4 Bd6 27.Qd1 Qe7 28.Qb3 Ra8 29.Qc3 Ra4
30.Rb1 Qd7 31.Kg2  1/2-1/2

[Event "SLO-ch U16"]
[Site "Maribor"]
[Date "1997.??.??"]
[Round "?"]
[White "Podkriznik, Gregor"]
[Black "Rusjan, Miran"]
[Result "1-0"]
[WhiteElo "2240"]
[BlackElo "2225"]

1.Nf3 Nf6 2.c4 c5 3.Nc3 e6 4.g3 b6 5.Bg2 Bb7 6.O-O Be7 7.Re1 d6 8.e4 a6 9.d4 cxd4
10.Nxd4 Qc7 11.Qd3 Nbd7 12.b3 O-O 13.Bb2 Rfe8 14.Rad1 Rad8 15.f4 Bf8 16.Qe2 h6
17.h3 Qb8 18.Nc2 Qa8 19.Rd2 Nc5 20.b4 Ncd7 21.Red1 Rc8 22.Ne1 d5 23.e5 Bxb4
24.exf6 Rxc4 25.Rd3 Nxf6 26.a3 Bf8 27.Nf3 Ne4 28.Ne5 Nxc3 29.Bxc3 Rc7 30.Bb2 b5
31.g4 a5 32.g5 hxg5 33.fxg5 Qa7+ 34.Bd4 Bc5 35.Kh1 Bxd4 36.Rxd4 g6 37.Ng4 Rec8
38.Nh6+ Kh7 39.Rh4 Rc4 40.Ng4+ Kg8 41.Qe5 Kf8 42.Qf6  1-0

[Event "Minsk op"]
[Site "Minsk"]
[Date "1997.??.??"]
[Round "9"]
[White "Kruppa, Yuri"]
[Black "Tunik, Gennady"]
[Result "1-0"]
[WhiteElo "2520"]
[BlackElo "2460"]

1.Nf3 Nf6 2.c4 b6 3.Nc3 c5 4.e4 d6 5.d4 cxd4 6.Nxd4 Bb7 7.f3 e6 8.Be3 Be7
9.Qd2 a6 10.Be2 Qc7 11.O-O O-O 12.Rfc1 Nbd7 13.b4 Rac8 14.Rab1 Qb8 15.Na4 Ba8
16.Kh1 Rfe8 17.Bf1 Bd8 18.Qf2 Bc7 19.b5 Nc5 20.Nxc5 dxc5 21.Ne2 axb5 22.cxb5 Nd7
23.Rd1 Ne5 24.Nc3 Rcd8 25.a4 Rxd1 26.Nxd1 Rd8 27.Nb2 Qa7 28.Qc2 Bb7 29.Be2 Qa8
30.Ra1 Qb8 31.Bg1 Bd6 32.a5 bxa5 33.Rxa5 Qc7 34.Ra1 h6 35.Qb3 Be7 36.Be3 Bf6
37.Rc1 Nd7 38.Nc4 Ra8 39.Qd3 Be7 40.Qc3 Ra2 41.Bf1 Ra8 42.Qb2 Nb6 43.Qe5 Qxe5
44.Nxe5 Rc8 45.Rd1 Rc7 46.Bf4 g5 47.Bg3 Rc8 48.Bf2 Rc7 49.Kg1 Kg7 50.Be2 Na4
51.Rc1 f5 52.Nc4 fxe4 53.Bd1 exf3 54.Bxa4 fxg2 55.b6 Rc8 56.Na5 Bd5 57.b7 Rb8
58.Bxc5 Bd8 59.Nc6 Rxb7 60.Nxd8 Rb8 61.Bd4+ Kg6 62.Nc6 Ra8 63.Bc2+ Kf7 64.Ne5+ Ke7
65.Bd1 Ra2 66.Bh5 Ra4 67.Bc5+ Kd8 68.Bd6 Ra7 69.h3 Rb7 70.Kh2 Be4 71.Bf3 Bxf3
72.Nxf3 Rb2 73.Ne5 Rd2 74.Bc7+  1-0

[Event "Mondariz op"]
[Site "Mondariz"]
[Date "1997.??.??"]
[Round "?"]
[White "San Segundo, Pablo"]
[Black "Reinaldo Castineira, Roi"]
[Result "1-0"]
[WhiteElo "2495"]
[BlackElo "2265"]

1.c4 Nf6 2.Nc3 e6 3.Nf3 c5 4.g3 b6 5.Bg2 Bb7 6.O-O d6 7.Re1 Be7 8.e4 a6 9.d4 cxd4
10.Nxd4 Qc7 11.Be3 Nbd7 12.f4 Rc8 13.Bf2 O-O 14.Rc1 Qb8 15.Qe2 Rc7 16.e5 dxe5
17.fxe5 Ne8 18.Bxb7 Qxb7 19.Nf3 Qc8 20.Ne4 b5 21.b3 Nc5 22.Kg2 Qa8 23.Rc2 f5
24.exf6 Nxf6 25.Nxf6+ Rxf6 26.cxb5 axb5 27.Bxc5 Rxc5 28.Rxc5 Bxc5 29.Rf1 Qc6
30.h4 Bd6 31.Kh3 Rg6 32.Ng5 Bxg3 33.Qh5 h6 34.Qxg6 hxg5 35.Qf7+ Kh8 36.Qh5+ Kg8
37.Qf7+ Kh8 38.hxg5 Be5 39.g6 Bd6 40.Qf8+  1-0

[Event "Mondariz op"]
[Site "Mondariz"]
[Date "1997.??.??"]
[Round "?"]
[White "Gulko, Boris F"]
[Black "Garcia Contreras, Rafael"]
[Result "1-0"]
[WhiteElo "2580"]
[BlackElo "2150"]

1.c4 Nf6 2.Nc3 c5 3.Nf3 g6 4.d4 Bg7 5.e4 O-O 6.Be2 cxd4 7.Nxd4 Nc6 8.Be3 d6
9.O-O Bd7 10.Rc1 Rc8 11.f3 h5 12.Qd2 Kh7 13.Kh1 Qa5 14.Nb3 Qb4 15.Qc2 Na5
16.Nd2 Nc6 17.a3 Qa5 18.Nb3 Qd8 19.c5 e5 20.cxd6 Ne8 21.Rfd1 Be6 22.d7 Bxd7
23.Bc5 Nc7 24.Bxf8 Bxf8 25.Qd2 Nb8 26.Rc2 Qh4 27.Nd5 Ba4 28.g3 Qh3 29.Rc3 Nc6
30.Bf1 Qe6 31.Bc4 b5 32.Nxc7 Qf6 33.Nd5 Qe6 34.Bf1 Bh6 35.Qf2  1-0

[Event "Moravia-chT 9697"]
[Site "?"]
[Date "1997.??.??"]
[Round "?"]
[White "Hejl, Vladislav"]
[Black "Kana, Pavel"]
[Result "1/2-1/2"]
[WhiteElo "2275"]
[BlackElo "2165"]

1.c4 Nf6 2.Nc3 c5 3.Nf3 e6 4.d4 d5 5.cxd5 Nxd5 6.e4 Nxc3 7.bxc3 cxd4 8.cxd4 Bb4+
9.Bd2 Qa5 10.Bxb4 Qxb4+ 11.Qd2 Nc6 12.Qxb4 Nxb4 13.Kd2 Ke7 14.Bb5 a6 15.Be2 Rd8
16.Rhc1 Nc6 17.Rab1 Nxd4 18.Rc7+ Ke8 19.Nxd4 Rxd4+ 20.Ke3 Rd7 21.Rxd7 Kxd7
22.a4 Kc7 23.Rc1+ Kd8 24.Rb1  1/2-1/2

[Event "Moravia-chT 9697"]
[Site "?"]
[Date "1997.??.??"]
[Round "?"]
[White "Chytilek, Roman"]
[Black "Kalod, Radek"]
[Result "1/2-1/2"]
[WhiteElo "2355"]
[BlackElo "2455"]

1.c4 Nf6 2.Nc3 c5 3.Nf3 e6 4.e3 d5 5.d4 cxd4 6.exd4 Bb4 7.cxd5 Nxd5 8.Bd2 Nc6
9.Bd3 O-O 10.O-O Nf6 11.Qe2 Be7 12.Ne4 Bd7 13.Rad1 Qb6 14.Nxf6+ Bxf6 15.Bg5 Nb4
16.Bxf6 gxf6 17.Bb1 Kh8 18.Qd2 Rg8 19.Qh6 f5 20.Ne5 Be8 21.a3 Nc6 22.d5 Nxe5
23.Qf6+ Rg7 24.Qxe5 Rd8 25.Rfe1 exd5 26.Rd3 f6 27.Qd4 Qxd4 28.Rxd4 Bg6  1/2-1/2

[Event "Moscow-ch"]
[Site "Moscow"]
[Date "1997.??.??"]
[Round "1"]
[White "Shestakov, Sergei S"]
[Black "Notkin, Maksim"]
[Result "1/2-1/2"]
[WhiteElo "2320"]
[BlackElo "2515"]

1.Nf3 Nf6 2.c4 c5 3.Nc3 e6 4.g3 b6 5.Bg2 Bb7 6.O-O Be7 7.d4 cxd4 8.Qxd4 d6
9.Bg5 a6 10.Bxf6 Bxf6 11.Qf4 Bxf3 12.Qxf3 Ra7 13.Rfd1  1/2-1/2

[Event "NRW-Cup Masters op"]
[Site "Muenster"]
[Date "1997.??.??"]
[Round "5"]
[White "Espig, Lutz"]
[Black "Wiertzema, Michael"]
[Result "1-0"]
[WhiteElo "2410"]
[BlackElo "2215"]

1.Nf3 Nf6 2.c4 c5 3.Nc3 e6 4.g3 b6 5.Bg2 Bb7 6.O-O d6 7.d4 cxd4 8.Qxd4 a6
9.Rd1 Nbd7 10.b3 Qc7 11.e4 Be7 12.Ba3 Nc5 13.e5 dxe5 14.Qxe5 Rc8 15.Qxc7 Rxc7
16.Bc1 O-O 17.Bf4 Rd7 18.Ne5 Rxd1+ 19.Rxd1 Bxg2 20.Kxg2 Rc8 21.Kf3 b5 22.b4 Na4
23.Nxa4 bxa4 24.a3 h6 25.Be3 a5 26.b5 Bxa3 27.Nc6 Ne8 28.b6 Bd6 29.Rxd6  1-0

[Event "Newport Masters"]
[Site "Newport"]
[Date "1997.??.??"]
[Round "3"]
[White "Beaumont, Chris"]
[Black "Gormally, Daniel"]
[Result "1/2-1/2"]
[WhiteElo "2345"]
[BlackElo "2425"]

1.Nf3 Nf6 2.c4 c5 3.Nc3 d5 4.cxd5 Nxd5 5.d4 Nxc3 6.bxc3 g6 7.e4 Bg7 8.Rb1 O-O
9.Be2 cxd4 10.cxd4 Qa5+ 11.Qd2 Qxd2+ 12.Bxd2 b6 13.O-O e6 14.Rfc1 Bb7 15.Bd3 Nc6
16.Be3 Rfd8 17.Bg5 Rd6 18.Bf4 Rdd8 19.Bg5 Rd6 20.Bf4  1/2-1/2

[Event "JUG-chT"]
[Site "Niksic"]
[Date "1997.??.??"]
[Round "1"]
[White "Nikcevic, Nebojsa"]
[Black "Djuric, Stefan"]
[Result "1/2-1/2"]
[WhiteElo "2525"]
[BlackElo "2545"]

1.Nf3 Nf6 2.c4 c5 3.Nc3 e6 4.g3 b6 5.Bg2 Bb7 6.O-O Be7 7.d4 cxd4 8.Qxd4 Nc6
9.Qf4 O-O 10.Rd1 Qb8 11.Qxb8 Raxb8 12.Bf4 Rbd8 13.Bd6 h6 14.Nb5 Bxd6 15.Nxd6 Ba8
16.Nd4 Ne7 17.N4b5 Bxg2 18.Kxg2 Nc6 19.Rd2 g5 20.Re1 g4 21.Red1 Kg7 22.Nd4 Ne7
23.f4 gxf3+ 24.exf3 Ra8 25.f4 Nc6 26.Nxc6 dxc6 27.Kf3 a5 28.Ne4 a4 29.Nxf6 Kxf6
30.Rd7 b5 31.cxb5 cxb5 32.Rb7 Rab8 33.Rdd7 Rxb7 34.Rxb7 a3 35.Rxb5 axb2 36.Rxb2 Ra8
37.Ke4 h5 38.Kd4 h4 39.Kc4 hxg3 40.hxg3 Ra3 41.Rg2 Ra8 42.Kb3 Rb8+ 43.Kc4 Ra8
44.Kb4 Rb8+ 45.Kc4  1/2-1/2

[Event "JUG-chT"]
[Site "Niksic"]
[Date "1997.??.??"]
[Round "1"]
[White "Mikhalchishin, Adrian"]
[Black "Tseshkovsky, Vitaly"]
[Result "1/2-1/2"]
[WhiteElo "2515"]
[BlackElo "2500"]

1.Nf3 c5 2.c4 Nf6 3.Nc3 d5 4.cxd5 Nxd5 5.e4 Nb4 6.Bb5+ N4c6 7.d4 cxd4 8.Qxd4 Qxd4
9.Nxd4 Bd7 10.Nb3 e6 11.O-O Bb4 12.Rd1 a6 13.Be2 Na5 14.Be3 Nxb3 15.axb3 Nc6
16.Na4 Ne7 17.Rac1 Rd8 18.Nc5 Bc8 19.Nxa6 Rxd1+ 20.Bxd1 Bd6 21.Nc5 e5  1/2-1/2

[Event "JUG-ch52"]
[Site "Niksic"]
[Date "1997.??.??"]
[Round "3"]
[White "Kosic, Dragan"]
[Black "Markovic, Miroslav"]
[Result "1/2-1/2"]
[WhiteElo "2515"]
[BlackElo "2520"]

1.c4 c5 2.Nc3 b6 3.Nf3 Nf6 4.e4 d6 5.d4 cxd4 6.Nxd4 Bb7 7.f3 e6 8.Be3 Be7
9.Be2 a6 10.O-O O-O 11.Qd2 Nbd7 12.Rfd1 Rc8 13.Nc2 Qc7 14.Bf2 Qb8 15.Ne3 Ne5
16.Bf1 Kh8 17.Qd4 Ba8 18.Rab1 Rc7 19.b4 Rd7 20.Bg3 Nc6 21.Qd2 Nh5 22.Bf2 Ne5
23.Qc2 Qa7 24.Rb3 Nf6 25.Ra3 Bb7 26.Qb2 Qb8 27.Rb3 Qc7 28.Na4 Rb8 29.Rc1 Rdd8
30.Kh1 Nh5 31.b5 Nd7 32.bxa6 Bxa6 33.Rb1 Bf6 34.Qa3 Ra8 35.Nxb6 Nxb6 36.Rxb6 Bb5
37.Qb3 Qxb6 38.cxb5 Qa5 39.Bc4 Bd4 40.Bg1 Nf6 41.Qd3 Bc5 42.Bb3 Nd7 43.a4  1/2-1/2

[Event "JUG-ch52"]
[Site "Niksic"]
[Date "1997.??.??"]
[Round "10"]
[White "Drasko, Milan"]
[Black "Petronic, Jovan"]
[Result "0-1"]
[WhiteElo "2555"]
[BlackElo "2455"]

1.Nf3 Nf6 2.c4 c5 3.Nc3 g6 4.g3 Bg7 5.Bg2 O-O 6.O-O Nc6 7.d4 cxd4 8.Nxd4 Ng4
9.e3 Nxd4 10.exd4 d6 11.b3 Nh6 12.Bb2 Nf5 13.d5 Bd7 14.Qd2 Rb8 15.Ne4 Bxb2
16.Qxb2 b5 17.c5 dxc5 18.Nxc5 b4 19.Rfc1 Bb5 20.Qd2 a5 21.a3 Qd6 22.axb4 axb4
23.Qxb4 Bf1 24.Qe4 Bxg2 25.Kxg2 Rfd8 26.Ra7 h5 27.h3 Rb5 28.b4 Qxd5 29.Qxd5 Rxd5
30.g4 hxg4 31.hxg4 Nh4+ 32.Kg3 g5 33.Rc4 Ng6 34.Re4 e6 35.f3 Nf4 36.Kf2 Rd2+
37.Kf1 Rb8 38.Rd7 Rb2 39.Nb7 Kg7 40.Nd6 Rh8 41.Kg1 Rg2+  0-1

[Event "Nova Gorica op"]
[Site "Nova Gorica"]
[Date "1997.??.??"]
[Round "2"]
[White "Lasic, Luka"]
[Black "Grosar, Aljosa"]
[Result "0-1"]
[WhiteElo "2200"]
[BlackElo "2495"]

1.Nf3 Nf6 2.c4 c5 3.Nc3 d5 4.cxd5 Nxd5 5.e4 Nb4 6.Bb5+ N8c6 7.O-O a6 8.Be2 Bg4
9.a3 Nd3 10.Bxd3 Qxd3 11.Qb3 Rb8 12.Ne1 Qd7 13.Qb6 Nd4 14.f3 Be6 15.d3 Rc8
16.Be3 g6 17.f4 Bg7 18.e5 O-O 19.Ne4 Rc6 20.Qa7 Nb5 21.Nxc5 Qc8 22.Qxb7 Rxc5
23.Qxe7 Rc7 24.Qh4 Qd7 25.Qf2 Rfc8 26.a4 Na7 27.Bb6 Rb7 28.a5 Nc6 29.Qe3 Ne7
30.Qd4 Nd5 31.Bc5 Qb5 32.Ba3 Qxa5 33.Nf3 Qb6 34.Qxb6 Rxb6 35.Nd4 Bf8 36.f5 gxf5
37.Nxf5 Bxa3 38.Rxa3 Rxb2 39.Rxa6 Bxf5 40.Rxf5 Rc1+ 41.Rf1 Rcc2 42.Rf3 Rxg2+
43.Kf1 Rxh2 44.Ra8+ Kg7 45.Rg3+ Kh6 46.Ra6+ Kh5 47.Kg1 Nf4  0-1

[Event "Nova Gorica op"]
[Site "Nova Gorica"]
[Date "1997.??.??"]
[Round "4"]
[White "Komljenovic, Davor"]
[Black "Rusjan, Miran"]
[Result "1-0"]
[WhiteElo "2460"]
[BlackElo "2225"]

1.c4 Nf6 2.Nc3 e6 3.Nf3 c5 4.g3 b6 5.Bg2 Bb7 6.O-O Be7 7.Re1 O-O 8.e4 d6
9.d4 cxd4 10.Nxd4 Qc8 11.Bf4 a6 12.Rc1 Rd8 13.Qe2 Nbd7 14.Nd5 exd5 15.cxd5 Qb8
16.Nc6 Bxc6 17.dxc6 Ra7 18.cxd7 Nxd7 19.Be3 Re8 20.Rc6 Bd8 21.Rec1 Nc5 22.b4 Ne6
23.Qd3 Bc7 24.Bh3 h6 25.a4 Ng5 26.Bg2 Rb7 27.h4 Ne6 28.Qxa6 b5 29.a5 Nd8
30.R6c2 d5 31.e5 Bxe5 32.Rc8 Qd6 33.Qxd6 Bxd6 34.a6  1-0

[Event "Nova Gorica op"]
[Site "Nova Gorica"]
[Date "1997.??.??"]
[Round "7"]
[White "Tratar, Marko"]
[Black "Cebalo, Miso"]
[Result "0-1"]
[WhiteElo "2420"]
[BlackElo "2540"]

1.Nf3 Nf6 2.c4 c5 3.Nc3 g6 4.g3 Nc6 5.Bg2 Bg7 6.O-O d6 7.d4 cxd4 8.Nxd4 Bd7
9.Nc2 Rc8 10.Bd2 O-O 11.b3 Be6 12.Ne3 Qd7 13.Ned5 Bxd5 14.cxd5 Nb8 15.Rc1 Rc7
16.e4 Rfc8 17.Qe2 Ng4 18.Bh3 h5 19.Nb5 Rxc1 20.Rxc1 Rxc1+ 21.Bxc1 a6 22.Na3 Qc7
23.Qc4 Qa5 24.Bxg4 hxg4 25.Kf1 Qd8 26.Qe2 Nd7 27.Qxg4 Ne5 28.Qd1 Qc8 29.Kg2 Qc3
30.Be3 Qb4 31.Nc4 Nxc4 32.bxc4 Qxc4 33.Qb1 b5 34.h4 b4 35.g4 a5 36.h5 Qe2
37.hxg6 Qxg4+ 38.Kf1 fxg6 39.Qc2 Bc3 40.a3 Kg7  0-1

[Event "Nova Gorica op"]
[Site "Nova Gorica"]
[Date "1997.??.??"]
[Round "7"]
[White "Delchev, Aleksander"]
[Black "Kutuzovic, Branko"]
[Result "1-0"]
[WhiteElo "2515"]
[BlackElo "2395"]

1.Nf3 Nf6 2.c4 c5 3.Nc3 b6 4.g3 Bb7 5.Bg2 g6 6.O-O Bg7 7.d4 cxd4 8.Qxd4 d6
9.Rd1 Nbd7 10.Be3 Rc8 11.Rac1 O-O 12.Qh4 a6 13.b3 Re8 14.Bh3 Rb8 15.Nd5 h5
16.Ng5 Ba8 17.Bd4 b5 18.e4 bxc4 19.bxc4 e5 20.Be3 Nxd5 21.cxd5 Bf6 22.g4 Nf8
23.gxh5 Rb2 24.hxg6 fxg6 25.Rc8 Qe7 26.Rdc1 Rb7 27.Rxe8 Qxe8 28.Rc8 Rb1+
29.Kg2 Qe7  1-0

[Event "Nova Gorica op"]
[Site "Nova Gorica"]
[Date "1997.??.??"]
[Round "8"]
[White "Gofshtein, Leonid D"]
[Black "Sedina, Elena"]
[Result "1-0"]
[WhiteElo "2530"]
[BlackElo "2400"]

1.c4 Nf6 2.Nf3 g6 3.Nc3 c5 4.d4 cxd4 5.Nxd4 Bg7 6.e4 Nc6 7.Be3 Ng4 8.Qxg4 Nxd4
9.Qd1 Ne6 10.Rc1 Qa5 11.Bd3 b6 12.O-O Bb7 13.f4 Nc5 14.Bb1 Bxc3 15.Rxc3 Qb4
16.a3 Qa4 17.Qe2 Qc6 18.Bd4 O-O 19.f5 Nxe4 20.Re3 Nd6 21.Rxe7 Rae8 22.fxg6 hxg6
23.Rf3 Nf5 24.Bxf5 Qd6 25.Rxe8 Qxd4+ 26.Qe3 Qxe3+ 27.Rfxe3 gxf5 28.Rxf8+ Kxf8
29.Kf2 d5 30.cxd5 Bxd5 31.Rc3 a6 32.g3 Ke7 33.Ke3  1-0

[Event "After GP Mladi"]
[Site "Olomouc"]
[Date "1997.??.??"]
[Round "11"]
[White "Polak, Tomas"]
[Black "Kalod, Radek"]
[Result "1-0"]
[WhiteElo "2470"]
[BlackElo "2430"]

1.Nf3 Nf6 2.c4 c5 3.Nc3 e6 4.e3 d5 5.d4 cxd4 6.exd4 Bb4 7.cxd5 Nxd5 8.Bd2 Nc6
9.Bd3 Be7 10.O-O Ncb4 11.Bb5+ Bd7 12.Bxd7+ Qxd7 13.Ne5 Qd8 14.Qa4+ Kf8 15.a3 Nb6
16.Qb3 N4d5 17.Rfe1 g5 18.Ne4 Kg7 19.Qg3 f6 20.Nd3 Nd7 21.Nc3 Nf8 22.Rad1 Rc8
23.h4 h6 24.f4 Bd6 25.Qf3 Nxf4 26.Bxf4 Bxf4 27.Nxf4 gxf4 28.Qxf4 h5 29.Rd3 Rh6
30.Qe4 Rc7 31.Ne2 Qd5 32.Qxd5 exd5 33.Ng3 Rg6 34.Nf5+ Kf7 35.Rde3 Rc2 36.g3 Rxb2
37.Re8 Rb3 38.R1e7+ Kg8 39.Rc7 Rbxg3+ 40.Nxg3 Rxg3+ 41.Kf2 Rxa3 42.Rxb7 Ra2+
43.Kf3 Ra3+ 44.Kf4 Ra1 45.Rbb8 Rf1+ 46.Kg3  1-0

[Event "RUS-chT"]
[Site "Orel"]
[Date "1997.??.??"]
[Round "?"]
[White "Lopushnoy, Denis"]
[Black "Poluljahov, Aleksandr"]
[Result "0-1"]
[WhiteElo "2290"]
[BlackElo "2510"]

1.Nf3 c5 2.c4 Nf6 3.Nc3 b6 4.g3 Bb7 5.Bg2 e6 6.O-O d6 7.Re1 a6 8.e4 Be7 9.d4 cxd4
10.Nxd4 Qc7 11.Be3 O-O 12.Rc1 Re8 13.f4 Bf8 14.g4 Nfd7 15.g5 Nc6 16.f5 Nxd4
17.Qxd4 Rac8 18.b3 Qb8 19.Qd2 Bc6 20.Bd4 b5 21.cxb5 axb5 22.f6 g6 23.h4 h5
24.gxh6 Kh7 25.Rf1 Bxh6 26.Be3 Qb6 27.Rce1 Bb7 28.Kh1 Bxe3 29.Rxe3 Rc5 30.Rh3 Rh5
31.Bf3 Rh6 32.h5 Rg8 33.Rg1 Nxf6 34.Qf4 b4 35.Qxf6 Qxg1+  0-1

[Event "RUS-chT"]
[Site "Orel"]
[Date "1997.??.??"]
[Round "?"]
[White "Iskusnyh, Sergei"]
[Black "Fominyh, Alexander"]
[Result "1/2-1/2"]
[WhiteElo "2440"]
[BlackElo "2545"]

1.Nf3 c5 2.c4 Nf6 3.Nc3 d5 4.cxd5 Nxd5 5.g3 Nc6 6.Bg2 Nc7 7.O-O e5 8.d3 Be7
9.Nd2 Bd7 10.Nc4 O-O 11.f4 exf4 12.gxf4 f5 13.Nd5 Nxd5 14.Bxd5+ Kh8 15.Bd2 Be8
16.Bg2 Rc8 17.a4 Bf6 18.Bc3 Bf7 19.Ne5 Bxe5 20.fxe5 Be6 21.Qe1 b6 22.Qg3 Ne7
23.Rad1 Nd5 24.d4 f4 25.Qf3 c4 26.e4 fxe3 27.Qxf8+ Qxf8 28.Rxf8+ Rxf8 29.Re1 Kg8
30.Bxd5 Bxd5 31.Rxe3 Kf7 32.Bb4 Re8 33.a5 bxa5 34.Bxa5 Re6 35.Kf2 Rh6 36.h3 Ra6
37.Ra3 Ke6 38.Bb4 Rxa3 39.Bxa3 Kf5 40.Bf8 g6 41.Ke3 g5 42.Bb4 Bg2 43.h4 gxh4
44.Be1 h3 45.Kf2 Ke6 46.Kg3 Kd5 47.Bc3  1/2-1/2

[Event "RUS-chT"]
[Site "Orel"]
[Date "1997.??.??"]
[Round "?"]
[White "Iskusnyh, Sergei"]
[Black "Shipov, Sergei"]
[Result "1/2-1/2"]
[WhiteElo "2440"]
[BlackElo "2540"]

1.Nf3 Nf6 2.c4 c5 3.Nc3 e6 4.e4 d6 5.d4 cxd4 6.Nxd4 b6 7.g3 Bb7 8.Bg2 a6
9.O-O Qc7 10.Be3 Nbd7 11.Rc1 Rc8 12.f3 Be7 13.Bh3 O-O 14.Bxe6 fxe6 15.Nxe6 Qxc4
16.Nd5 Nxd5 17.Rxc4 Nxe3 18.Rxc8 Rxc8 19.Qb3 Nc4 20.Rc1 d5 21.Qd1 Nf8 22.Nxf8 Rxf8
23.h4 Bc5+ 24.Kh1 Ne3 25.Qe2 d4 26.a3 h5 27.b4 Bd6 28.Qa2+ Kh7 29.Qe6 Rf6  1/2-1/2

[Event "RUS-chT"]
[Site "Orel"]
[Date "1997.??.??"]
[Round "?"]
[White "Arkhipov, Sergey"]
[Black "Vershinin, Mikhail"]
[Result "1/2-1/2"]
[WhiteElo "2540"]
[BlackElo "2405"]

1.Nf3 Nf6 2.c4 c5 3.Nc3 g6 4.d4 cxd4 5.Nxd4 Nc6 6.e4 Nxd4 7.Qxd4 d6 8.Be2 Bg7
9.Be3 O-O 10.Qd2 Be6 11.O-O Qa5 12.f3 Rfc8 13.b3 Ng4 14.Bd4 Bxd4+ 15.Qxd4 Qe5
16.Qxe5 Nxe5 17.f4 Nc6 18.Rfd1  1/2-1/2

[Event "RUS-ch sf"]
[Site "Perm"]
[Date "1997.??.??"]
[Round "9"]
[White "Bezgodov, Alexei"]
[Black "Vaulin, Alexander"]
[Result "1/2-1/2"]
[WhiteElo "2570"]
[BlackElo "2490"]

1.Nf3 c5 2.c4 Nf6 3.Nc3 e6 4.g3 b6 5.Bg2 Bb7 6.O-O d6 7.d4 cxd4 8.Qxd4 a6
9.Bg5 Be7 10.Bxf6 Bxf6 11.Qd3 Ra7 12.Rfd1 Be7 13.Ne4 Bxe4 14.Qxe4 O-O 15.Nd4 Qc8
16.b3 Rc7 17.Rd2  1/2-1/2

[Event "ISR-ch U16"]
[Site "Petah Tiqwa"]
[Date "1997.??.??"]
[Round "6"]
[White "Postniy, Evgeny"]
[Black "Bar, Roman"]
[Result "1/2-1/2"]
[WhiteElo "2190"]
[BlackElo "2160"]

1.Nf3 Nf6 2.c4 e6 3.Nc3 c5 4.g3 b6 5.Bg2 Bb7 6.O-O Be7 7.Re1 d5 8.cxd5 Nxd5
9.e4 Nb4 10.d4 cxd4 11.Nxd4 N8c6 12.Nxc6 Nxc6 13.Be3 O-O 14.Qa4 Bb4 15.Red1 Qe7
16.Rac1 Rfd8 17.a3 Bxc3 18.Rxc3 Rxd1+ 19.Qxd1 Rd8 20.Rd3 Rxd3 21.Qxd3 Qd8
22.Qxd8+ Nxd8 23.Kf1 Kf8 24.f3 Ke7 25.Ke2 Ba6+ 26.Kd2 e5 27.f4 Nc6 28.b4 f6
29.Kc3 Kd6 30.Bf3 Nd8 31.Bd1 Bb7 32.Bc2 Kd7 33.fxe5 fxe5 34.Bc1 Nf7 35.Kd3 Nd6
36.Ke3 Ke7 37.Bd3 b5 38.Bb2 Kf6 39.Bc1 Bc6 40.Kf3  1/2-1/2

[Event "POL-ch sf"]
[Site "Poraj "]
[Date "1997.??.??"]
[Round "9"]
[White "Ehrenfeucht, Wojciech"]
[Black "Widera, Jan"]
[Result "1-0"]
[WhiteElo "2290"]
[BlackElo "2185"]

1.Nf3 c5 2.c4 Nf6 3.Nc3 d5 4.cxd5 Nxd5 5.d4 cxd4 6.Qxd4 Nxc3 7.Qxc3 Nc6 8.e4 e6
9.Bb5 Bd7 10.O-O Qb6 11.a4 Qc5 12.Qd3 Be7 13.Rd1 Rd8 14.Be3 Qb4 15.Bxa7 Qa5
16.Be3 O-O 17.Qb3 Bb4 18.Bg5 f6 19.Bd2 Bxd2 20.Rxd2 Ne5 21.Rxd7 Nxd7 22.Qxe6+ Kh8
23.Bxd7 Qb4 24.b3 Qc3 25.Re1 Qc7 26.Bb5 Rd6 27.Qc4 Qd8 28.Qe2 Qc7 29.h4 Qc5
30.Bc4 Re8 31.e5 g6 32.Qb2 Rb6 33.exf6 Rxe1+ 34.Nxe1 h6 35.Nf3 Kh7 36.f7 Qf5
37.Qe5  1-0

[Event "Portoroz op"]
[Site "Portoroz"]
[Date "1997.??.??"]
[Round "?"]
[White "Delchev, Aleksander"]
[Black "Tukmakov, Vladimir B"]
[Result "1/2-1/2"]
[WhiteElo "2515"]
[BlackElo "2585"]

1.Nf3 Nf6 2.c4 c5 3.Nc3 d5 4.cxd5 Nxd5 5.d4 Nxc3 6.bxc3 g6 7.g3 Bg7 8.Bg2 Nc6
9.O-O O-O 10.dxc5 Bxc3 11.Bh6 Qxd1 12.Raxd1 Re8 13.Ng5 Bg7 14.Bxg7 Kxg7 15.Bd5 f6
16.Ne6+ Bxe6 17.Bxe6 Red8 18.Rxd8 Nxd8 19.Bd7 Kf7 20.Rb1 b6 21.Rc1 Ne6 22.Bxe6+ Kxe6
23.cxb6 axb6 24.Rc6+  1/2-1/2

[Event "Portoroz op"]
[Site "Portoroz"]
[Date "1997.??.??"]
[Round "?"]
[White "Timoshchenko, Gennadi A"]
[Black "Cebalo, Miso"]
[Result "1/2-1/2"]
[WhiteElo "2515"]
[BlackElo "2540"]

1.Nf3 c5 2.c4 Nf6 3.Nc3 g6 4.d4 cxd4 5.Nxd4 Bg7 6.e4 d6 7.Be2 Nc6 8.Be3 O-O
9.O-O Bd7 10.Qd2 Nxd4 11.Bxd4 Bc6 12.f3  1/2-1/2